000 00573 a2200217 4500
005 20260127103805.0
008 260122b |||||||| |||| 00| 0 eng d
020 _a9781032255590
_c£ 76.99
040 _aMAIN
082 _a363.2562
_bB999I(6)
100 _aByers, Steven N
245 _aIntroduction to forensic anthropology
250 _a6th
260 _bRoutledge
_c2023
_aNew York
300 _axvii, 448
650 _aForensic Science
650 _aPhysical Anthropology
650 _aCriminal Investigation
700 _aJurarez, Chelsey A
942 _cBK
999 _c394439
_d394439